000 00340nam a2200145Ia 4500
008 191201s2005 xx 000 0 und d
082 _a621.38833
_bDHT
100 _aDHAKE, A M
245 0 _aTelevision and Video Engineering
250 _a2nd
260 _aN.Delhi
_bTMH
_c2005
300 _a646
650 _aB.Tech(ECE)
942 _2ddc
_cBK
999 _c1485
_d1485